[Event "Open Praha 2016"]
[Site "Praha CZE"]
[Date "2016.01.13"]
[Round "7.19"]
[White "Michalczak, Thomas"]
[Black "Hoefelsauer, Thomas"]
[Result "0-1"]
[WhiteElo "2215"]
[BlackElo "2304"]
[PlyCount "44"]
[EventDate "2016.01.08"]
[EventType "swiss"]
[EventRounds "9"]
[EventCountry "CZE"]
[Source "lmi"]
[SourceDate "2016.01.08"]

1. e4 c6 2. c4 d5 3. exd5 Nf6 4. Nc3 cxd5 5. cxd5 Nxd5 6. Nf3 e6 7. d4 Be7 8.
Bd3 O-O 9. O-O Nf6 10. Re1 b6 11. Qe2 Bb7 12. Be3 Nc6 13. a3 Rc8 14. Rad1 Qd6
15. Bb1 Rfd8 16. Ba2 Ng4 17. Ne4 Qc7 18. h3 Nxe3 19. fxe3 Nb4 20. Bb1 Nc2 21.
Nc5 Nxe1 22. Ne5 Nf3+ 0-1

[Event "Open Praha 2016"]
[Site "Praha CZE"]
[Date "2016.01.13"]
[Round "7.21"]
[White "Bystrov, Sergej"]
[Black "Ilandzis, Spyridon"]
[Result "1-0"]
[WhiteElo "2268"]
[BlackElo "2136"]
[PlyCount "97"]
[EventDate "2016.01.08"]
[EventType "swiss"]
[EventRounds "9"]
[EventCountry "CZE"]
[Source "lmi"]
[SourceDate "2016.01.08"]

1. b3 e5 2. Bb2 Nc6 3. e3 Nf6 4. Bb5 Bd6 5. Ne2 O-O 6. Ng3 Re8 7. O-O Bf8 8. e4
Nd4 9. Bd3 a5 10. Nc3 Bc5 11. Nce2 Nc6 12. Nc3 d6 13. h3 Nd7 14. Nd5 Nf8 15. a3
Re6 16. Kh2 Ng6 17. Be2 Nf4 18. Bg4 Rg6 19. Bxc8 Rxc8 20. Nxf4 exf4 21. Nf5 Qg5
22. g4 fxg3+ 23. fxg3 Re8 24. d4 Bb6 25. Qd3 Qd8 26. Rae1 Rf8 27. Qd1 Nb8 28.
Nh4 Re6 29. Qg4 Nd7 30. Nf5 Rg6 31. Qf3 Re6 32. Re2 c6 33. Bc1 d5 34. e5 Rg6
35. h4 Bc7 36. h5 Re6 37. Qg4 g6 38. Nh6+ Kg7 39. Ref2 f5 40. Rxf5 Rxf5 41.
Rxf5 Qe8 42. Rf2 Kh8 43. Nf7+ Kg8 44. Qf3 gxh5 45. Qxh5 Rg6 46. Qf5 Qe6 47.
Qxe6 Rxe6 48. Nh6+ Kh8 49. Rf7 1-0

[Event "Open Praha 2016"]
[Site "Praha CZE"]
[Date "2016.01.13"]
[Round "7.22"]
[White "Lokander, Martin"]
[Black "Ranaldi, Lucas"]
[Result "1/2-1/2"]
[WhiteElo "2369"]
[BlackElo "2143"]
[PlyCount "67"]
[EventDate "2016.01.08"]
[EventType "swiss"]
[EventRounds "9"]
[EventCountry "CZE"]
[Source "lmi"]
[SourceDate "2016.01.08"]

1. d4 e6 2. h4 c5 3. e3 Nf6 4. b3 b6 5. Bb2 Bb7 6. Nd2 Be7 7. Ngf3 d6 8. Bd3
Nbd7 9. Qe2 Qc7 10. a4 cxd4 11. Nxd4 a6 12. e4 Ne5 13. N2f3 Nfd7 14. h5 Bf6 15.
Nxe5 Nxe5 16. f4 Nxd3+ 17. cxd3 Rc8 18. Qd2 Bxd4 19. Bxd4 e5 20. Bb2 Qc2 21. h6
Rg8 22. Rc1 Qxd2+ 23. Kxd2 gxh6 24. Rxc8+ Bxc8 25. fxe5 Rxg2+ 26. Kc3 Rg6 27.
exd6 Rxd6 28. d4 Re6 29. Rh4 f5 30. e5 Bb7 31. Bc1 Rc6+ 32. Kb2 Rg6 33. Bxh6
Bd5 34. Bd2 1/2-1/2

[Event "Open Praha 2016"]
[Site "Praha CZE"]
[Date "2016.01.13"]
[Round "7.26"]
[White "Ortoft, Kai"]
[Black "Jacobi, Robin"]
[Result "0-1"]
[WhiteElo "2001"]
[BlackElo "2268"]
[PlyCount "80"]
[EventDate "2016.01.08"]
[EventType "swiss"]
[EventRounds "9"]
[EventCountry "CZE"]
[Source "lmi"]
[SourceDate "2016.01.08"]

1. d4 Nf6 2. c4 e6 3. Nf3 Bb4+ 4. Bd2 Qe7 5. g3 Nc6 6. Bg2 Bxd2+ 7. Nbxd2 d6 8.
e4 e5 9. d5 Nb8 10. Qc2 a5 11. O-O O-O 12. Ne1 Na6 13. Nd3 Bg4 14. f3 Bd7 15.
b3 c6 16. a3 cxd5 17. exd5 Rfc8 18. Qb2 b5 19. Rac1 Rab8 20. Qa2 bxc4 21. bxc4
Bf5 22. Ne4 Bxe4 23. fxe4 Qa7+ 24. Qf2 Qxf2+ 25. Nxf2 Rb3 26. Rb1 Rcb8 27. Ra1
Nc5 28. Rfe1 h5 29. Bf1 g6 30. Bg2 Rc3 31. Bf1 Kg7 32. Nd1 Rcb3 33. Nf2 a4 34.
Kh1 Rf3 35. Kg2 Rbb3 36. Be2 Rfe3 37. Nd1 Rxe4 38. Nf2 Rd4 39. Rad1 Rxd1 40.
Bxd1 Rc3 0-1

[Event "Open Praha 2016"]
[Site "Praha CZE"]
[Date "2016.01.13"]
[Round "7.28"]
[White "Chekletsov, Ilya"]
[Black "Poessel, Christian"]
[Result "1/2-1/2"]
[WhiteElo "2246"]
[BlackElo "2020"]
[PlyCount "55"]
[EventDate "2016.01.08"]
[EventType "swiss"]
[EventRounds "9"]
[EventCountry "CZE"]
[Source "lmi"]
[SourceDate "2016.01.08"]

1. d4 Nf6 2. c4 e6 3. g3 c5 4. Nf3 b6 5. d5 Ba6 6. b3 exd5 7. cxd5 g6 8. Bb2
Bg7 9. Bg2 O-O 10. O-O d6 11. Re1 Re8 12. Nfd2 Nbd7 13. a4 Ng4 14. Bxg7 Kxg7
15. Ra2 Qf6 16. Nf3 Nde5 17. Nbd2 h5 18. h3 Nxf3+ 19. Nxf3 Ne5 20. Nd2 Qe7 21.
Ra1 h4 22. f4 Nd7 23. e4 hxg3 24. Qf3 Qh4 25. Nc4 Bxc4 26. bxc4 g5 27. fxg5
Qxg5 28. Re3 1/2-1/2

[Event "Open Praha 2016"]
[Site "Praha CZE"]
[Date "2016.01.13"]
[Round "7.31"]
[White "Burnett, Andrew"]
[Black "Darnell, Anton"]
[Result "1-0"]
[WhiteElo "2210"]
[BlackElo "1979"]
[PlyCount "85"]
[EventDate "2016.01.08"]
[EventType "swiss"]
[EventRounds "9"]
[EventCountry "CZE"]
[Source "lmi"]
[SourceDate "2016.01.08"]

1. Nf3 Nf6 2. c4 g6 3. Nc3 Bg7 4. g3 O-O 5. Bg2 d6 6. O-O Nc6 7. Rb1 e5 8. d3
a5 9. a3 Nd7 10. b4 axb4 11. axb4 f5 12. Bg5 Nf6 13. b5 Ne7 14. Nd2 h6 15. Bxf6
Bxf6 16. Nd5 Nxd5 17. cxd5 Qe8 18. Qc2 Rf7 19. b6 Bd8 20. Nc4 Qf8 21. Qb3 cxb6
22. Qb4 b5 23. Qxb5 Rc7 24. Qb3 Rc5 25. Nb6 Bxb6 26. Qxb6 Ra6 27. Qb2 Qd8 28.
f4 Qc7 29. fxe5 dxe5 30. d4 Rc2 31. Rbc1 Rac6 32. Qb3 R2c3 33. Qa2 Ra6 34. Qd2
exd4 35. Qxh6 Qe5 36. Kh1 b5 37. Ra1 Qd6 38. Rad1 Qe5 39. Qg5 Rd6 40. g4 Bb7
41. Rxf5 Qe3 42. Rdf1 Qxg5 43. Rf8+ 1-0

[Event "Open Praha 2016"]
[Site "Praha CZE"]
[Date "2016.01.14"]
[Round "8.1"]
[White "Atalik, Ekaterina"]
[Black "Meister, Yakov"]
[Result "1-0"]
[WhiteElo "2378"]
[BlackElo "2446"]
[PlyCount "93"]
[EventDate "2016.01.08"]
[EventType "swiss"]
[EventRounds "9"]
[EventCountry "CZE"]
[Source "lmi"]
[SourceDate "2016.01.08"]

1. d4 e6 2. c4 Bb4+ 3. Bd2 Bxd2+ 4. Qxd2 Nf6 5. Nc3 d5 6. e3 O-O 7. Nf3 Qe7 8.
Qc2 Rd8 9. cxd5 exd5 10. h3 b6 11. Be2 c5 12. O-O Nbd7 13. Rfd1 Bb7 14. Rac1
Rac8 15. Qf5 Nf8 16. g4 cxd4 17. Nxd4 g6 18. Qf4 Ne6 19. Qe5 Nd7 20. Qg3 Ndc5
21. Bf3 Ng5 22. Bg2 Nge4 23. Qf4 a5 24. a3 a4 25. Bf1 Rd6 26. Nxe4 Nxe4 27.
Rxc8+ Bxc8 28. Bg2 Bb7 29. Bxe4 dxe4 30. Rc1 Bd5 31. Rc8+ Kg7 32. Re8 Qf6 33.
Nf5+ gxf5 34. g5 Qg6 35. Qe5+ f6 36. Re7+ Bf7 37. Qxd6 fxg5 38. Qxg6+ Kxg6 39.
Rb7 Kf6 40. Rxb6+ Ke5 41. Rb7 Kf6 42. Ra7 Bb3 43. Rxh7 f4 44. Rb7 Bc2 45. Kf1
Kf5 46. Ke1 Bd3 47. b3 1-0

[Event "Open Praha 2016"]
[Site "Praha CZE"]
[Date "2016.01.14"]
[Round "8.2"]
[White "Gundavaa, Bayarsaikhan"]
[Black "Plischki, Sebastian"]
[Result "1-0"]
[WhiteElo "2507"]
[BlackElo "2377"]
[PlyCount "97"]
[EventDate "2016.01.08"]
[EventType "swiss"]
[EventRounds "9"]
[EventCountry "CZE"]
[Source "lmi"]
[SourceDate "2016.01.08"]

1. e4 c5 2. Nf3 d6 3. Bb5+ Nc6 4. O-O Bd7 5. Re1 Nf6 6. c3 a6 7. Bf1 Bg4 8. h3
Bxf3 9. Qxf3 e6 10. d3 Be7 11. Bf4 O-O 12. Nd2 d5 13. e5 Nd7 14. Qg4 Re8 15.
Nf3 Nf8 16. h4 f5 17. Qg3 Ng6 18. Bg5 Bxg5 19. Nxg5 Nf8 20. h5 h6 21. Nh3 b5
22. a3 a5 23. Rac1 Qb6 24. Nf4 b4 25. d4 c4 26. Qf3 Ne7 27. g4 Rad8 28. gxf5
exf5 29. axb4 axb4 30. Ra1 Ne6 31. Nxe6 Qxe6 32. Ra4 bxc3 33. bxc3 Rb8 34. Rea1
Rb6 35. Bg2 Reb8 36. Ra7 R8b7 37. Kh2 Kh7 38. Bh3 Kg8 39. R1a4 Rxa7 40. Rxa7
Qf7 41. Ra8+ Kh7 42. Rd8 g6 43. Rd6 Rxd6 44. exd6 Nc6 45. hxg6+ Kxg6 46. Bg2
Kf6 47. Qxd5 Qh5+ 48. Bh3 Qh4 49. Qxf5+ 1-0

[Event "Open Praha 2016"]
[Site "Praha CZE"]
[Date "2016.01.14"]
[Round "8.3"]
[White "Chen, Pengyu"]
[Black "Teske, Henrik"]
[Result "0-1"]
[WhiteElo "2308"]
[BlackElo "2461"]
[PlyCount "40"]
[EventDate "2016.01.08"]
[EventType "swiss"]
[EventRounds "9"]
[EventCountry "CZE"]
[Source "lmi"]
[SourceDate "2016.01.08"]

1. e4 e6 2. d4 d5 3. Nd2 c5 4. exd5 Qxd5 5. dxc5 Bxc5 6. Ngf3 Nf6 7. Bc4 Qc6 8.
Qe2 Nbd7 9. Nb3 O-O 10. O-O b6 11. a4 Bb7 12. a5 Rac8 13. Bb5 Qc7 14. Nxc5 Nxc5
15. Ne5 bxa5 16. Nd3 Bxg2 17. Re1 Ba8 18. Nxc5 Qxc5 19. Bd3 Rfd8 20. Bd2 a4 0-1

[Event "Open Praha 2016"]
[Site "Praha CZE"]
[Date "2016.01.14"]
[Round "8.4"]
[White "Gavrilov, Alexei"]
[Black "Shevchenko, Kirill"]
[Result "1-0"]
[WhiteElo "2425"]
[BlackElo "2373"]
[PlyCount "113"]
[EventDate "2016.01.08"]
[EventType "swiss"]
[EventRounds "9"]
[EventCountry "CZE"]
[Source "lmi"]
[SourceDate "2016.01.08"]

1. d4 Nf6 2. c4 e6 3. Nf3 b6 4. g3 Bb7 5. Bg2 Be7 6. O-O O-O 7. Nc3 Ne4 8. Bd2
Bf6 9. Ne5 Nxc3 10. Bxc3 Bxg2 11. Kxg2 d6 12. Ng4 Be7 13. f3 f5 14. Nf2 Nd7 15.
Qd3 Nf6 16. d5 Qd7 17. dxe6 Qxe6 18. Rad1 Rae8 19. Rfe1 Nd7 20. e4 f4 21. Qd5
Bf6 22. Bxf6 Rxf6 23. Nd3 fxg3 24. hxg3 Ne5 25. Nxe5 dxe5 26. Re3 c6 27. Qxe6+
Rfxe6 28. c5 Kf7 29. Ra3 R8e7 30. cxb6 axb6 31. Ra6 Rb7 32. Rd8 Ke7 33. Rh8 h6
34. Raa8 Rd7 35. Kh3 Rf6 36. f4 Kd6 37. f5 Kc5 38. Rhe8 g6 39. Rxe5+ Kd4 40.
Rae8 gxf5 41. exf5 h5 42. Kh4 Rg7 43. Re4+ Kd5 44. R8e5+ Kd6 45. Re6+ Rxe6 46.
Rxe6+ Kd5 47. Rg6 Ra7 48. a3 Ke5 49. Kxh5 Kxf5 50. g4+ Kf4 51. Rf6+ Kg3 52.
Rxc6 Rh7+ 53. Kg6 Rh2 54. g5 Rxb2 55. Kf7 Kf4 56. g6 Ke5 57. Re6+ 1-0

[Event "Open Praha 2016"]
[Site "Praha CZE"]
[Date "2016.01.14"]
[Round "8.5"]
[White "Manik, Mikulas"]
[Black "Hovsepyan, Vardan"]
[Result "0-1"]
[WhiteElo "2406"]
[BlackElo "2067"]
[PlyCount "58"]
[EventDate "2016.01.08"]
[EventType "swiss"]
[EventRounds "9"]
[EventCountry "CZE"]
[Source "lmi"]
[SourceDate "2016.01.08"]

1. e4 e5 2. Nf3 Nc6 3. Bb5 a6 4. Ba4 Nf6 5. O-O Bc5 6. c3 Ba7 7. Re1 O-O 8. h3
d6 9. d4 Qe7 10. Bg5 Rd8 11. Bb3 Nb8 12. Nbd2 h6 13. Bh4 Nbd7 14. Nf1 Nf8 15.
Ne3 g5 16. Bg3 Ng6 17. Nf5 Qf8 18. dxe5 Nxe4 19. Nxh6+ Qxh6 20. Rxe4 Bf5 21.
Re1 dxe5 22. Qc1 Rd3 23. h4 Rxf3 24. hxg5 Qh5 25. gxf3 Qh3 26. Re3 Nf4 27. Qf1
Bxe3 28. Qxh3 Nxh3+ 29. Kg2 Nf4+ 0-1

[Event "Open Praha 2016"]
[Site "Praha CZE"]
[Date "2016.01.14"]
[Round "8.6"]
[White "Rzayev, Bahruz"]
[Black "Wisniewski, Michal"]
[Result "1/2-1/2"]
[WhiteElo "2400"]
[BlackElo "2270"]
[PlyCount "145"]
[EventDate "2016.01.08"]
[EventType "swiss"]
[EventRounds "9"]
[EventCountry "CZE"]
[Source "lmi"]
[SourceDate "2016.01.08"]

1. Nf3 Nf6 2. c4 g6 3. Nc3 d5 4. Qa4+ Nc6 5. cxd5 Nxd5 6. Ne5 Qd6 7. Nxc6 Qxc6
8. Qd4 Nf6 9. e4 Qb6 10. Qxb6 axb6 11. e5 Nd7 12. Nd5 Kd8 13. d4 Bg7 14. Bf4 c6
15. Nc3 f6 16. O-O-O fxe5 17. dxe5 Ke8 18. Re1 Nc5 19. Be3 Be6 20. a3 Bf5 21.
Bc4 b5 22. Bxc5 bxc4 23. f4 Kf7 24. Ne4 h6 25. h3 Ra5 26. Bb4 Rd5 27. g4 Bxe4
28. Rxe4 b5 29. e6+ Ke8 30. a4 h5 31. g5 c5 32. Bc3 Bxc3 33. bxc3 Kd8 34. axb5
Kc7 35. Rd1 Rxd1+ 36. Kxd1 Kb6 37. Rxc4 Kxb5 38. Re4 Ra8 39. Ke2 Kc6 40. Kd3
Kd5 41. Re5+ Kd6 42. Ke4 Ra1 43. Kf3 Rc1 44. Re3 Kd5 45. Kg2 Rc2+ 46. Kg3 Rc1
47. f5 gxf5 48. Kf4 Rf1+ 49. Rf3 Rxf3+ 50. Kxf3 Ke5 51. h4 Kxe6 52. c4 Ke5 53.
Ke3 f4+ 54. Kf3 Kf5 55. Ke2 e5 56. Kf2 e4 57. Ke2 e3 58. Kf3 Ke5 59. Ke2 Ke4
60. g6 f3+ 61. Ke1 Kd3 62. g7 f2+ 63. Kf1 Kd2 64. g8=Q e2+ 65. Kxf2 e1=Q+ 66.
Kf3 Qxh4 67. Qd5+ Qd4 68. Qxd4+ cxd4 69. c5 d3 70. c6 Ke1 71. c7 d2 72. c8=Q
d1=Q+ 73. Kg3 1/2-1/2

[Event "Open Praha 2016"]
[Site "Praha CZE"]
[Date "2016.01.14"]
[Round "8.7"]
[White "Bystrov, Sergej"]
[Black "Schmidt-Schaeffer, Sebastian"]
[Result "0-1"]
[WhiteElo "2268"]
[BlackElo "2381"]
[PlyCount "94"]
[EventDate "2016.01.08"]
[EventType "swiss"]
[EventRounds "9"]
[EventCountry "CZE"]
[Source "lmi"]
[SourceDate "2016.01.08"]

1. d4 f5 2. g3 Nf6 3. Bg2 e6 4. Nf3 Be7 5. O-O O-O 6. c4 d5 7. b3 Ne4 8. Bb2
Nc6 9. Ne5 Nxe5 10. dxe5 dxc4 11. bxc4 Bd7 12. Nc3 Nxc3 13. Bxc3 Rb8 14. Rb1 b6
15. f4 Qe8 16. e4 Bc5+ 17. Kh1 fxe4 18. Bxe4 Bc6 19. Qe2 Rd8 20. Rbd1 Rxd1 21.
Rxd1 Qh5 22. Re1 Qxe2 23. Rxe2 Bxe4+ 24. Rxe4 Rd8 25. Re2 Rd1+ 26. Re1 Rd3 27.
Rc1 Kf7 28. Be1 Kg6 29. g4 Be3 30. Rc3 Rxc3 31. Bxc3 Bxf4 32. Kg2 h5 33. h3
hxg4 34. hxg4 Kf7 35. Kf3 Bc1 36. Ke4 Ke7 37. Bb4+ Kd7 38. Bf8 g6 39. Kd4 Kc6
40. Kc3 Bf4 41. Bg7 b5 42. Kd4 Bh2 43. Kc3 Kb6 44. Kd4 Ka5 45. Kc3 Ka4 46. Bf6
b4+ 47. Kb2 Bg1 0-1

[Event "Open Praha 2016"]
[Site "Praha CZE"]
[Date "2016.01.14"]
[Round "8.8"]
[White "Jurcik, Martin"]
[Black "Olsarova, Karolina"]
[Result "1/2-1/2"]
[WhiteElo "2349"]
[BlackElo "2252"]
[PlyCount "31"]
[EventDate "2016.01.08"]
[EventType "swiss"]
[EventRounds "9"]
[EventCountry "CZE"]
[Source "lmi"]
[SourceDate "2016.01.08"]

1. Nf3 Nf6 2. g3 d5 3. Bg2 Bg4 4. c4 c6 5. cxd5 Bxf3 6. Bxf3 cxd5 7. d3 e6 8.
O-O Nc6 9. Nd2 Bd6 10. Nb3 O-O 11. Bg5 h6 12. Bxf6 Qxf6 13. d4 Rfc8 14. Rc1 Rc7
15. a3 Rac8 16. Kg2 1/2-1/2

[Event "Open Praha 2016"]
[Site "Praha CZE"]
[Date "2016.01.14"]
[Round "8.9"]
[White "Chudinovskikh, Alexander M"]
[Black "Mikalsen, Erlend"]
[Result "1-0"]
[WhiteElo "2241"]
[BlackElo "2314"]
[PlyCount "117"]
[EventDate "2016.01.08"]
[EventType "swiss"]
[EventRounds "9"]
[EventCountry "CZE"]
[Source "lmi"]
[SourceDate "2016.01.08"]

1. d4 Nf6 2. Nf3 e6 3. Bg5 c5 4. e3 Nc6 5. Nbd2 d5 6. c3 Be7 7. Bd3 h6 8. Bh4
b6 9. O-O Bb7 10. Qe2 O-O 11. Rad1 Qc7 12. Bg3 Bd6 13. Bxd6 Qxd6 14. e4 dxe4
15. Nxe4 Nxe4 16. Qxe4 f5 17. Qe2 cxd4 18. Bc4 Rf6 19. Rfe1 Kh8 20. cxd4 Nb4
21. Ne5 Nd5 22. g3 Ne7 23. Ba6 Bd5 24. Bc4 Rc8 25. Bxd5 Qxd5 26. Qf3 Rc2 27.
Qxd5 Nxd5 28. Rc1 Rxc1 29. Rxc1 g5 30. Rc8+ Kg7 31. Ra8 a5 32. Ra7+ Kg8 33. Rb7
Rf8 34. Nd7 Rc8 35. Nxb6 Nxb6 36. Rxb6 Kf7 37. Rb5 Rc2 38. a4 f4 39. gxf4 gxf4
40. Kg2 Kf6 41. b3 Rc3 42. h4 Rd3 43. h5 Rc3 44. f3 Rd3 45. Kf2 Rd2+ 46. Ke1
Rxd4 47. Rxa5 Rd3 48. Rb5 Rxf3 49. a5 Rh3 50. Rb4 Rh1+ 51. Kf2 Ra1 52. Ra4 Rc1
53. a6 Rc8 54. b4 Ke5 55. b5 Kd6 56. b6 Kc6 57. Rc4+ Kd7 58. b7 Rxc4 59. b8=Q
1-0

[Event "Open Praha 2016"]
[Site "Praha CZE"]
[Date "2016.01.14"]
[Round "8.11"]
[White "Jurcik, Marian"]
[Black "Motornov, Vladimir"]
[Result "1-0"]
[WhiteElo "2500"]
[BlackElo "1972"]
[PlyCount "73"]
[EventDate "2016.01.08"]
[EventType "swiss"]
[EventRounds "9"]
[EventCountry "CZE"]
[Source "lmi"]
[SourceDate "2016.01.08"]

1. d4 Nf6 2. Nf3 c5 3. d5 d6 4. Nc3 g6 5. e4 Bg7 6. Be2 Nbd7 7. O-O O-O 8. h3
Ne8 9. Bg5 Nc7 10. a4 Rb8 11. Qd2 b6 12. Nb5 Nxb5 13. axb5 Bxb2 14. Rxa7 Bg7
15. Bh6 Rb7 16. Ra8 Qc7 17. Bxg7 Kxg7 18. Rfa1 Nf6 19. Qe3 Bd7 20. Rxf8 Kxf8
21. Bc4 Ra7 22. Re1 Ra4 23. Qc3 Kg8 24. e5 dxe5 25. Nxe5 Ne8 26. Nxf7 Qf4 27.
Rxe7 Nf6 28. Nh6+ Qxh6 29. Qxf6 Rxc4 30. Qf7+ Kh8 31. Rxd7 Qc1+ 32. Kh2 Qf4+
33. Qxf4 Rxf4 34. Rb7 Rxf2 35. d6 Rf8 36. Rxb6 Rd8 37. Rc6 1-0

[Event "Open Praha 2016"]
[Site "Praha CZE"]
[Date "2016.01.14"]
[Round "8.12"]
[White "Frolov, Artur"]
[Black "Stefanov, Emil"]
[Result "1/2-1/2"]
[WhiteElo "2499"]
[BlackElo "2228"]
[PlyCount "66"]
[EventDate "2016.01.08"]
[EventType "swiss"]
[EventRounds "9"]
[EventCountry "CZE"]
[Source "lmi"]
[SourceDate "2016.01.08"]

1. e4 g6 2. d4 Bg7 3. Nc3 c6 4. h4 d5 5. e5 h5 6. Bf4 Nh6 7. Qd2 Nd7 8. O-O-O
Nf8 9. g3 Ne6 10. Bxh6 Bxh6 11. f4 Ng7 12. Qf2 Bg4 13. Be2 Qd7 14. Nf3 f6 15.
Kb1 b5 16. Nh2 f5 17. Nxg4 hxg4 18. Bf1 e6 19. Ne2 Nh5 20. Nc1 Kf7 21. Nd3 Bf8
22. Rh2 a5 23. Qe3 Be7 24. Rg2 a4 25. c3 Rhb8 26. Rc1 Rb7 27. Nc5 Bxc5 28. dxc5
Qe7 29. Qd4 Rba7 30. Kc2 Ng7 31. Kd1 Ne8 32. Bd3 Nc7 33. b4 axb3 1/2-1/2

[Event "Open Praha 2016"]
[Site "Praha CZE"]
[Date "2016.01.14"]
[Round "8.14"]
[White "Grove, Michael"]
[Black "Rydl, Jiri"]
[Result "0-1"]
[WhiteElo "2056"]
[BlackElo "2412"]
[PlyCount "78"]
[EventDate "2016.01.08"]
[EventType "swiss"]
[EventRounds "9"]
[EventCountry "CZE"]
[Source "lmi"]
[SourceDate "2016.01.08"]

1. e4 d6 2. d4 Nf6 3. Nc3 e5 4. Nf3 Nbd7 5. Bc4 Be7 6. O-O O-O 7. Qe2 c6 8. a4
a5 9. Bg5 Qb6 10. d5 Nc5 11. b3 Bg4 12. Be3 Nfd7 13. h3 Bh5 14. g4 Bg6 15. Nd2
Qd8 16. Rad1 Bg5 17. Nf3 Bxe3 18. Qxe3 Qe7 19. Ne1 Nb6 20. Nd3 Ncd7 21. Kg2
Rac8 22. Nb2 Nc5 23. f3 Rcd8 24. Rf2 h6 25. Rfd2 Nc8 26. Bf1 Nb6 27. Bc4 Qc7
28. Bf1 f6 29. Be2 Bf7 30. Bc4 Kh7 31. Kg1 Bg8 32. Kh1 g6 33. Rg1 cxd5 34. Bxd5
Nxd5 35. Nxd5 Bxd5 36. Rxd5 Ne6 37. Rgd1 Qxc2 38. Nc4 Nd4 39. Nxa5 Qxd1+ 0-1

[Event "Open Praha 2016"]
[Site "Praha CZE"]
[Date "2016.01.14"]
[Round "8.18"]
[White "Pultorak, Jan"]
[Black "Koehler, Gerhard"]
[Result "1-0"]
[WhiteElo "2317"]
[BlackElo "2202"]
[PlyCount "53"]
[EventDate "2016.01.08"]
[EventType "swiss"]
[EventRounds "9"]
[EventCountry "CZE"]
[Source "lmi"]
[SourceDate "2016.01.08"]

1. d4 Nf6 2. c4 d6 3. Nc3 e5 4. Bg5 Be7 5. e3 Nbd7 6. Bd3 O-O 7. Nge2 Re8 8.
O-O c6 9. b4 Nf8 10. Qb3 Ng4 11. Bxe7 Qxe7 12. h3 Nh6 13. b5 Qh4 14. Ng3 Bxh3
15. gxh3 Qxh3 16. Rfe1 Ng4 17. Qc2 h5 18. Bf5 exd4 19. Bxg4 Qxg4 20. exd4 h4
21. Qf5 Qxd4 22. Nge4 d5 23. cxd5 cxd5 24. Nxd5 Re6 25. Rad1 Qb2 26. Ng5 Rg6
27. Ne7+ 1-0

[Event "Open Praha 2016"]
[Site "Praha CZE"]
[Date "2016.01.14"]
[Round "8.20"]
[White "Cherednichenko, Elena"]
[Black "Lokander, Martin"]
[Result "1/2-1/2"]
[WhiteElo "2142"]
[BlackElo "2369"]
[PlyCount "50"]
[EventDate "2016.01.08"]
[EventType "swiss"]
[EventRounds "9"]
[EventCountry "CZE"]
[Source "lmi"]
[SourceDate "2016.01.08"]

1. d4 c5 2. e3 cxd4 3. exd4 d5 4. Bd3 Nc6 5. c3 Qc7 6. Nf3 Bg4 7. Nbd2 e6 8.
O-O Bd6 9. h3 Bh5 10. b3 Nf6 11. Bb2 O-O 12. Re1 Rfc8 13. Qb1 a5 14. a4 Rab8
15. Qa2 Bg6 16. Qb1 b5 17. Bxg6 hxg6 18. axb5 Rxb5 19. Qd3 Rb7 20. Ba3 Ne4 21.
Nxe4 dxe4 22. Qxe4 Rxb3 23. Bxd6 Qxd6 24. c4 Rd8 25. Red1 Rb4 1/2-1/2

[Event "Open Praha 2016"]
[Site "Praha CZE"]
[Date "2016.01.14"]
[Round "8.22"]
[White "Matsenko, Andrei"]
[Black "Vokoun, Jan"]
[Result "1-0"]
[WhiteElo "2347"]
[BlackElo "2113"]
[PlyCount "73"]
[EventDate "2016.01.08"]
[EventType "swiss"]
[EventRounds "9"]
[EventCountry "CZE"]
[Source "lmi"]
[SourceDate "2016.01.08"]

1. e4 d6 2. d4 Nf6 3. Nc3 e5 4. Nge2 Be7 5. g3 c6 6. Bg2 O-O 7. O-O b5 8. a3
Nbd7 9. h3 a5 10. g4 Ba6 11. Ng3 b4 12. Nce2 d5 13. exd5 Nxd5 14. axb4 axb4 15.
Re1 Qc7 16. Bd2 g6 17. dxe5 Nxe5 18. Nf4 Bb7 19. Rxa8 Bxa8 20. Nge2 Nc4 21.
Nxd5 cxd5 22. Bh6 Rd8 23. b3 Nd6 24. Qd4 Ne8 25. Nf4 Qd6 26. Nxd5 Bxd5 27. Qxd5
Bf8 28. Qxd6 Nxd6 29. Bf4 Rc8 30. Rd1 Nb5 31. Rd7 Nc3 32. Bf1 h5 33. g5 Rc5 34.
Rd8 Ne4 35. Bd3 Rf5 36. Be3 Re5 37. Bxe4 1-0

[Event "Open Praha 2016"]
[Site "Praha CZE"]
[Date "2016.01.14"]
[Round "8.23"]
[White "Ilandzis, Spyridon"]
[Black "Stoynov, Ivan"]
[Result "1-0"]
[WhiteElo "2136"]
[BlackElo "2284"]
[PlyCount "106"]
[EventDate "2016.01.08"]
[EventType "swiss"]
[EventRounds "9"]
[EventCountry "CZE"]
[Source "lmi"]
[SourceDate "2016.01.08"]

1. b3 e5 2. Bb2 d6 3. e3 Nf6 4. c4 Nbd7 5. g3 Be7 6. Bg2 c6 7. Ne2 O-O 8. Nbc3
Qc7 9. O-O Re8 10. d4 a6 11. b4 Bf8 12. a4 a5 13. b5 Nb6 14. Qd3 exd4 15. Nxd4
c5 16. Nde2 Be6 17. Nd5 Bxd5 18. cxd5 Nbd7 19. h3 g6 20. g4 h6 21. Ng3 Ne5 22.
Bxe5 Rxe5 23. f4 Ree8 24. Rac1 Bg7 25. e4 Qb6 26. Kh1 Nd7 27. Rc2 Qd8 28. e5
dxe5 29. f5 e4 30. Nxe4 Ne5 31. Qg3 c4 32. fxg6 fxg6 33. Nc5 Qe7 34. Ne6 Rac8
35. Re2 Nf7 36. Nxg7 Qxe2 37. Nxe8 Rxe8 38. Qf4 Rf8 39. d6 Qd3 40. Bxb7 Qxh3+
41. Kg1 Qd3 42. Be4 Qxd6 43. Qxd6 Nxd6 44. Rxf8+ Kxf8 45. Bxg6 Nc8 46. Kf2 Kg7
47. Bc2 Kf6 48. Kg3 Ke5 49. Kh4 Nb6 50. Kh5 Kf4 51. Bd1 Nd5 52. Kxh6 Ne3 53. b6
Nd5 1-0

[Event "Open Praha 2016"]
[Site "Praha CZE"]
[Date "2016.01.14"]
[Round "8.30"]
[White "Brzezinski, Adam"]
[Black "Gungl, Theo"]
[Result "0-1"]
[WhiteElo "2238"]
[BlackElo "2062"]
[PlyCount "98"]
[EventDate "2016.01.08"]
[EventType "swiss"]
[EventRounds "9"]
[EventCountry "CZE"]
[Source "lmi"]
[SourceDate "2016.01.08"]

1. Nf3 d5 2. d4 Nf6 3. c4 c6 4. Qc2 e6 5. g3 Nbd7 6. Bg2 Be7 7. O-O O-O 8. Nbd2
b6 9. e4 dxc4 10. Nxc4 Bb7 11. Rd1 Rc8 12. h4 h6 13. Ne3 Qc7 14. b3 Qb8 15. Bb2
Rfd8 16. a3 Qa8 17. e5 Ne8 18. Qe2 Nc7 19. Nh2 Nf8 20. Qf3 Rb8 21. Qh5 c5 22.
dxc5 Bxc5 23. Bxb7 Qxb7 24. Nc4 Nd5 25. Ng4 Ng6 26. b4 Bf8 27. Nd6 Qe7 28. Rac1
Rd7 29. b5 Rbd8 30. Rxd5 exd5 31. Nf5 Qe6 32. Rc6 Bd6 33. Nxd6 Ne7 34. Ne4 Nxc6
35. Nef6+ gxf6 36. Nxf6+ Kg7 37. bxc6 Rc7 38. Bd4 Rxc6 39. Qf3 Rc4 40. Nh5+ Kh7
41. Nf6+ Kg7 42. Qd3 Rh8 43. Nh5+ Kf8 44. Nf4 Qg4 45. e6 Rg8 46. exf7 Kxf7 47.
Qh7+ Kf8 48. Bf6 Re4 49. Nxd5 Qd1+ 0-1

[Event "Open Praha 2016"]
[Site "Praha CZE"]
[Date "2016.01.14"]
[Round "8.34"]
[White "Eriksson, Christian Altenburg"]
[Black "Lacina, Filip"]
[Result "1-0"]
[WhiteElo "2190"]
[BlackElo "1999"]
[PlyCount "55"]
[EventDate "2016.01.08"]
[EventType "swiss"]
[EventRounds "9"]
[EventCountry "CZE"]
[Source "lmi"]
[SourceDate "2016.01.08"]

1. e4 c6 2. d4 d5 3. e5 Bf5 4. Nf3 e6 5. Be2 c5 6. Be3 cxd4 7. Nxd4 Ne7 8. Nd2
Nbc6 9. N2f3 a6 10. O-O Rc8 11. c3 Bg6 12. Bd3 Qc7 13. Bf4 Bxd3 14. Qxd3 Ng6
15. Qe3 Bc5 16. h4 h5 17. Rac1 b5 18. Rfe1 O-O 19. Bg3 Qb6 20. Rcd1 Nge7 21.
Qg5 Bxd4 22. cxd4 Nf5 23. Qxh5 Nb4 24. Qg4 Nxa2 25. Bf4 Rc2 26. h5 g6 27. Bg5
Kh7 28. Bf6 1-0